| 000 | 00834nam a2200241 a 4500 | ||
|---|---|---|---|
| 005 | 20240214063626.0 | ||
| 008 | 151028s2014 mx r 000 0 spa d | ||
| 020 | _a9786070252044 (UNAM) | ||
| 020 | _a9786079377076 (PLANETA) | ||
| 035 | _aUPN01000206423 | ||
| 049 | _aCG | ||
| 050 | 4 |
_aHD1531 M6 _bP6.2 |
|
| 245 | 0 | 0 |
_aPobreza y sustentabilidad : _bcapitales en comunidades rurales / _ccoord. V. Sophie Ávila Foucat. |
| 260 |
_aMéxico . _bUNAM : _bIIE, _c2014. |
||
| 300 |
_a301 p. : _bil., gráfs., cuadros, mapas |
||
| 651 | 4 |
_aMéxico _xCondiciones rurales _914867 |
|
| 650 | 4 |
_aDesarrollo rural _zMéxico _914173 |
|
| 650 | 4 |
_aPOBREZA - _xASPECTOS AMBIENTALES _97659 |
|
| 650 | 4 |
_aEmigración e inmigración _xAspectos sociales _915743 |
|
| 700 | 1 |
_aAvila Foucat, V. Sophie, _ecoord. |
|
| 905 | _aLibro | ||
| 999 |
_c178524 _d178524 |
||